[Event "2011 SC Site Championship, Pre Round, Round 1"]
[Site "SchemingMind.com"]
[Date "2010.11.08"]
[Round "1"]
[White "wayder"]
[Black "sibelius"]
[Result "0-1"]
[WhiteCountry "USA"]
[BlackCountry "USA"]
[WhiteElo "1925"]
[WhiteRD "90"]
[BlackElo "2305"]
[BlackRD "79"]
[GameID "266031"]

1. d4 Nf6 2. c4 e6 3. Nc3 Bb4 4. e3 b6 5. Ne2 Ba6 6. a3 Bxc3+ 7. Nxc3 d5 8. b3 O-O 9. Bd3 dxc4 10. bxc4 c5
11. Qc2 cxd4 12. exd4 Qxd4 13. Be3 Qe5 14. Qd2 Rd8 15. O-O Nc6 16. Nb5 Ng4 17. g3 Qh5 18. f3 Nge5 19. Bxh7+ Kxh7 20. Qe2 Nxc4
21. Nc7 Nxe3 22. Qxe3 Bxf1 23. Nxa8 Ba6 24. Qe4+ Kg8 25. Qxc6 Rd2 26. h4 Qe5
0-1

[Event "2011 SC Site Championship, Pre Round, Round 1"]
[Site "SchemingMind.com"]
[Date "2010.11.11"]
[Round "1"]
[White "wilfried"]
[Black "Quirine"]
[Result "1-0"]
[WhiteCountry "GER"]
[BlackCountry "NED"]
[WhiteElo "2463"]
[WhiteRD "109"]
[BlackElo "1873"]
[BlackRD "84"]
[GameID "266032"]

1. d4 Nf6 2. c4 g6 3. Nc3 Bg7 4. e4 O-O 5. Nf3 d6 6. Be2 e5 7. O-O Nc6 8. d5 Ne7 9. b4 Nh5 10. Qd3 Nf4
11. Bxf4 exf4 12. Rac1 h6 13. a3 g5 14. h3 Ng6 15. c5 a5 16. Nb5 axb4 17. axb4 h5 18. Nh2 Ne5 19. Qd2 dxc5 20. bxc5 Bd7
21. d6 c6 22. Nc7 Ra3 23. Qb4
1-0

[Event "2011 SC Site Championship, Pre Round, Round 1"]
[Site "SchemingMind.com"]
[Date "2010.11.11"]
[Round "1"]
[White "Will Grummitt"]
[Black "Jaschin"]
[Result "1-0"]
[WhiteCountry "ENG"]
[BlackCountry "GER"]
[WhiteElo "1741"]
[WhiteRD "54"]
[BlackElo "1580"]
[BlackRD "106"]
[GameID "266033"]

1. e4 e5 2. Nf3 Nc6 3. Bb5 a6 4. Bxc6 dxc6 5. O-O Qd6 6. Na3 b5 7. c3 c5 8. Nc2 Bb7 9. Re1 Rd8 10. d4 cxd4
11. cxd4 exd4 12. Qxd4 Qxd4 13. Ncxd4 Bc5 14. Be3 Nf6 15. e5 Ne4 16. Rac1 O-O 17. Nb3 Be7 18. Rxc7 Bb4 19. Rxb7 Bxe1 20. Nxe1 Rd1
21. Kf1 Rb1 22. Bd4 Re8 23. f3 Ng5 24. Nc5 Ne6 25. Nxe6 fxe6 26. a3 Rd1 27. Bc3 Kf8 28. Ra7
1-0

[Event "2011 SC Site Championship, Pre Round, Round 1"]
[Site "SchemingMind.com"]
[Date "2010.11.08"]
[Round "1"]
[White "Wolli"]
[Black "BigB"]
[Result "0-1"]
[WhiteCountry "GER"]
[BlackCountry "SVK"]
[WhiteElo "1820"]
[WhiteRD "95"]
[BlackElo "2423"]
[BlackRD "94"]
[GameID "266034"]

1. c4 c5 2. g3 g6 3. Bg2 Nc6 4. e3 Bg7 5. Ne2 e5 6. Nbc3 Nge7 7. O-O O-O 8. f4 d6 9. d3 Rb8 10. a3 Bd7
11. Bd2 a6 12. Rb1 b5 13. cxb5 axb5 14. b4 cxb4 15. axb4 Qb6 16. Kh1 Bg4 17. Qb3 Ra8 18. fxe5 dxe5 19. d4 exd4 20. Nxd4 Nxd4
21. exd4 Rac8 22. Nd5 Nxd5 23. Bxd5 Qa7 24. Be3 Be2 25. Rfc1 Bc4 26. Bxc4 bxc4 27. Rxc4 Qa8+ 28. Kg1 Rxc4 29. Qxc4 Rc8 30. Qd3 Qa2
31. d5 Rc3 32. Qd1 Rxe3
0-1

[Event "2011 SC Site Championship, Pre Round, Round 1"]
[Site "SchemingMind.com"]
[Date "2010.11.11"]
[Round "1"]
[White "Zerstörer"]
[Black "Frankygolucky"]
[Result "1/2-1/2"]
[WhiteCountry "ITA"]
[BlackCountry "GBR"]
[WhiteElo "1890"]
[WhiteRD "95"]
[BlackElo "1869"]
[BlackRD "96"]
[GameID "266037"]

1. e4 e6 2. d4 d5 3. Nc3 Be7 4. Bd3 Nf6 5. Bg5 dxe4 6. Nxe4 Nbd7 7. Nf3 Nxe4 8. Bxe7 Nxf2 9. Bxd8 Nxd1 10. Rxd1 Kxd8
11. Ng5 Ke7 12. O-O Nf6 13. Rde1 h6 14. Nf3 Bd7=
1/2-1/2

[Event "2011 SC Site Championship, Pre Round, Round 2"]
[Site "SchemingMind.com"]
[Date "2010.11.10"]
[Round "2"]
[White "Aadsje"]
[Black "cleverman"]
[Result "1-0"]
[WhiteCountry "NED"]
[BlackCountry "USA"]
[WhiteElo "2024"]
[WhiteRD "72"]
[BlackElo "1744"]
[BlackRD "115"]
[GameID "266049"]

1. d4 d5 2. Bf4 Nf6 3. e3 Bf5 4. Bd3 Bxd3 5. Qxd3 e6 6. Qb5+ Nbd7 7. Nf3 Rb8 8. c4 dxc4 9. O-O Bd6 10. Be5 Bxe5
11. dxe5 Ng4 12. Rd1 c6 13. Qxc4 Nh6 14. Nc3 Qc7 15. Nb5 Qb6 16. Nd6+ Ke7 17. Qh4+ Kf8 18. Nxf7 Nxf7 19. Rxd7 Re8 20. Ng5 Nxe5
21. Qf4+
1-0

[Event "2011 SC Site Championship, Pre Round, Round 2"]
[Site "SchemingMind.com"]
[Date "2010.11.06"]
[Round "2"]
[White "Abacist"]
[Black "DeepGreene"]
[Result "1-0"]
[WhiteCountry "USA"]
[BlackCountry "CAN"]
[WhiteElo "1704"]
[WhiteRD "179"]
[BlackElo "1540"]
[BlackRD "134"]
[GameID "266050"]

1. e4 c6 2. d4 d5 3. e5 Bf5 4. Bd3 Bxd3 5. Qxd3 e6 6. Nf3 Qa5+ 7. Bd2 Qb6 8. b3 Nd7 9. O-O c5 10. Be3 cxd4
11. Bxd4 Bc5 12. c3 Ne7 13. Nbd2 O-O 14. b4 Bxd4 15. cxd4 Nf5 16. a3 Rac8 17. Rac1
1-0

[Event "2011 SC Site Championship, Pre Round, Round 2"]
[Site "SchemingMind.com"]
[Date "2010.11.11"]
[Round "2"]
[White "Alessandro Dotti Contra"]
[Black "spoke"]
[Result "0-1"]
[WhiteCountry "ITA"]
[BlackCountry "GER"]
[WhiteElo "1461"]
[WhiteRD "94"]
[BlackElo "1691"]
[BlackRD "63"]
[GameID "266051"]

1. e4 e5 2. Nf3 Nc6 3. Bb5 a6 4. Ba4 Nf6 5. O-O Be7 6. Re1 b5 7. Bb3 O-O 8. c3 d5 9. exd5 Nxd5 10. Nxe5 Nxe5
11. Rxe5 c6 12. d3 Bd6 13. Re1 Qh4 14. g3 Qh3 15. Re4 Qf5 16. Nd2 Qg6 17. Nf1 f5 18. Rd4 f4 19. Rxd5 cxd5 20. Bxd5+ Be6
21. Bxa8 Rxa8 22. Qf3 Rf8 23. Qe4 Bf5 24. Qd5+ Kh8 25. b4 Bxd3 26. a4 Bxf1 27. Kxf1 fxg3 28. hxg3 Bxg3 29. Ra2 Bh2 30. Qh1 Qb1
31. Re2 Qxc1+ 32. Kg2 Qxh1+ 33. Kxh1 Bc7 34. Kg2 Kg8 35. f3 Kf7 36. Rc2 Rd8 37. c4 bxa4 38. Ra2 Rd4 39. Rxa4 Rxc4 40. Rxa6 Rxb4
41. Ra7 Rc4 42. Kf2 Kg6 43. Ra6+ Kh5 44. Ra8 Bb6+ 45. Kg3 g5 46. Rb8 Bc7+
0-1

[Event "2011 SC Site Championship, Pre Round, Round 2"]
[Site "SchemingMind.com"]
[Date "2010.11.06"]
[Round "2"]
[White "Andreas Flato"]
[Black "memet"]
[Result "1-0"]
[WhiteCountry "GER"]
[BlackCountry "TUR"]
[WhiteElo "1790"]
[WhiteRD "74"]
[BlackElo "1585"]
[BlackRD "74"]
[GameID "266052"]

1. e4 e5 2. Nf3 Nc6 3. Bc4 Nf6 4. d3 Be7 5. O-O O-O 6. a3 d5 7. exd5 Nxd5 8. Re1 Bg4 9. h3 Bh5 10. Nbd2 Nb6
11. Ba2 Kh8 12. Qe2 Nd4 13. Qd1 Bg5 14. Rxe5 Bxd2 15. Rxh5 Nxf3+ 16. Qxf3 Bxc1 17. Rxc1 Qd4 18. c3 Qd7 19. Re1 Rae8 20. Re4 Rxe4
21. Qxe4 g6 22. Re5 c6 23. Re7 Qc8 24. Bxf7 Qf5 25. Qd4+
1-0

[Event "2011 SC Site Championship, Pre Round, Round 2"]
[Site "SchemingMind.com"]
[Date "2010.11.06"]
[Round "2"]
[White "ampp"]
[Black "Marcel51"]
[Result "0-1"]
[WhiteCountry "POR"]
[BlackCountry "FRA"]
[WhiteElo "1212"]
[WhiteRD "61"]
[BlackElo "1971"]
[BlackRD "104"]
[GameID "266053"]

1. e4 c5 2. c3 Nf6 3. e5 Nd5 4. d4 cxd4 5. cxd4 Qa5+ 6. Bd2 Qb6 7. Nf3 Qxb2 8. Nc3 Nxc3 9. Qc1 Qxc1+ 10. Rxc1 Nc6
11. Bxc3 e6 12. Be2 b6 13. O-O Bb7 14. Rfd1 Ba3 15. Rb1 Rc8 16. Bb5 Ne7 17. Rb3 Nd5 18. Bb2 Bxb2 19. Rxb2 Nc3 20. Rc1 Ne2+
21. Bxe2 Rxc1+ 22. Bf1 Ke7 23. h3 Bxf3 24. gxf3 Rhc8 25. f4 R8c2 26. Rb3 Rd1 27. Kg2 Rxd4
0-1

[Event "2011 SC Site Championship, Pre Round, Round 2"]
[Site "SchemingMind.com"]
[Date "2010.11.07"]
[Round "2"]
[White "Archon"]
[Black "sibelius"]
[Result "0-1"]
[WhiteCountry "CAN"]
[BlackCountry "USA"]
[WhiteElo "1739"]
[WhiteRD "62"]
[BlackElo "2316"]
[BlackRD "78"]
[GameID "266054"]

1. Nf3 c5 2. c4 g6 3. g3 Nc6 4. Bg2 Bg7 5. Nc3 d6 6. O-O Bd7 7. a3 Nf6 8. Rb1 O-O 9. b4 b6 10. Bb2 cxb4
11. axb4 Nxb4 12. Ba1 a5 13. d3 Qc8 14. Nd4 Bh6 15. Ndb5 Bh3 16. Bh1 d5 17. Nxd5 Nfxd5 18. cxd5 Bxf1 19. Qxf1 Qc5 20. d6 Qxb5
21. dxe7 Rfe8 22. Bxa8 Rxa8 23. Qh3 Bg7 24. Qg2 Re8 25. Qb7 Qc5 26. Qd7 Qxe7
0-1

[Event "2011 SC Site Championship, Pre Round, Round 2"]
[Site "SchemingMind.com"]
[Date "2010.11.11"]
[Round "2"]
[White "Archr"]
[Black "soundso"]
[Result "0-1"]
[WhiteCountry "USA"]
[BlackCountry "USA"]
[WhiteElo "1561"]
[WhiteRD "114"]
[BlackElo "1871"]
[BlackRD "85"]
[GameID "266055"]

1. e4 d5 2. exd5 Qxd5 3. Nc3 Qd6 4. d4 Nf6 5. Nf3 a6 6. g3 Bg4 7. Bg2 e6 8. h3 Bh5 9. g4 Bg6 10. Ne5 Nc6
11. Nxg6 hxg6 12. Be3 O-O-O 13. Ne2 Qb4+ 14. Qd2 Qxb2 15. O-O Bb4 16. Rfb1 Qxa1
0-1

[Event "2011 SC Site Championship, Pre Round, Round 2"]
[Site "SchemingMind.com"]
[Date "2010.11.11"]
[Round "2"]
[White "Ashmaster"]
[Black "wilfried"]
[Result "0-1"]
[WhiteCountry "IRL"]
[BlackCountry "GER"]
[WhiteElo "2049"]
[WhiteRD "107"]
[BlackElo "2463"]
[BlackRD "109"]
[GameID "266056"]

1. d4 d5 2. c4 c6 3. Nf3 Nf6 4. Nc3 e6 5. Bg5 h6 6. Bxf6 Qxf6 7. e3 Bd6 8. Bd3 O-O 9. O-O Nd7 10. e4 dxc4
11. e5 Qd8 12. Bxc4 Be7 13. Qe2 Nb6 14. Bb3 Nd5 15. Ne4 b6 16. Rac1 a5 17. Rfd1 a4 18. Bc2 Ba6 19. Qd2 Bb4 20. Nc3 a3
21. Bb1 axb2 22. Qc2 g6 23. Qxb2 Bxc3 24. Rxc3 Nxc3 25. Qxc3 Be2 26. Rd2 Bxf3 27. Qxf3 Ra4 28. Qc3 Qd5 29. Qe3 Rd8
0-1

[Event "2011 SC Site Championship, Pre Round, Round 2"]
[Site "SchemingMind.com"]
[Date "2010.11.07"]
[Round "2"]
[White "Aumonde"]
[Black "Ashmaster"]
[Result "1/2-1/2"]
[WhiteCountry "USA"]
[BlackCountry "IRL"]
[WhiteElo "2166"]
[WhiteRD "81"]
[BlackElo "2061"]
[BlackRD "108"]
[GameID "266057"]

1. d4 Nf6 2. c4 e6 3. Nf3 d5 4. Bg5 Be7 5. Nc3 O-O 6. e3 Nbd7 7. Bd3 dxc4 8. Bxc4 a6 9. a4 c5 10. O-O cxd4
11. exd4 Nb6 12. Bb3 Bd7 13. Ne5 Bc6 14. Qd3 Nbd5 15. Rfe1 Nb4 16. Qg3 Nh5 17. Bxe7 Qxe7 18. Qe3 Nf6 19. Nxc6 bxc6 20. Rac1 a5
21. Ne4 Nxe4 22. Qxe4 Rfd8 23. Red1 Rab8 24. Rc5 Qc7 25. Qe3 Qb6 26. Rd2 Na6 27. Rc3 Nb4 28. Qe5 Nd5 29. Rg3 g6 30. Rc2 Nb4
31. Rc4 Rd5 32. Qf6 Qd8 33. Qxd8+ Rbxd8= 34. Rxb4 axb4 35. Bxd5 Rxd5 36. Kf1 Rxd4 37. Ke2 b3 38. Rxb3 Rxa4 39. Rb6 Rc4 40. Kd3 Rc1
41. b4 Kf8 42. f4 h6 43. g3 g5 44. Rb8+ Kg7 45. fxg5 hxg5 46. Rc8 Rb1 47. Kc4 Rc1+ 48. Kd3=
1/2-1/2

[Event "2011 SC Site Championship, Pre Round, Round 2"]
[Site "SchemingMind.com"]
[Date "2010.11.11"]
[Round "2"]
[White "Baeron"]
[Black "wayder"]
[Result "1/2-1/2"]
[WhiteCountry "SUI"]
[BlackCountry "USA"]
[WhiteElo "2068"]
[WhiteRD "95"]
[BlackElo "1925"]
[BlackRD "90"]
[GameID "266058"]

1. c4 g6 2. g3 Bg7 3. Bg2 e5 4. Nc3 d6 5. d3 f5 6. e4 Nc6 7. Nge2 Nf6 8. O-O Bd7 9. Nd5 Ne7 10. Nxf6+ Bxf6
11. exf5 Bxf5 12. Bxb7 Rb8 13. Bg2 Qd7 14. Nc3 h5 15. b3 h4 16. Ne4 Kf7 17. Qf3 Bxe4 18. dxe4 h3 19. Bh1 Rbf8 20. Qe2 g5
21. Be3 Rfg8 22. Rad1 g4 23. c5 Ng6 24. Rd2 Be7 25. Rc1 Nh4=
1/2-1/2

[Event "2011 SC Site Championship, Pre Round, Round 2"]
[Site "SchemingMind.com"]
[Date "2010.11.11"]
[Round "2"]
[White "bereolos"]
[Black "Mel"]
[Result "1-0"]
[WhiteCountry "USA"]
[BlackCountry "USA"]
[WhiteElo "2090"]
[WhiteRD "110"]
[BlackElo "1654"]
[BlackRD "117"]
[GameID "266059"]

1. d4 Nf6 2. c4 g6 3. Nc3 d5 4. cxd5 Nxd5 5. e4 Nxc3 6. bxc3 Bg7 7. Be3 c5 8. Rc1 Qa5 9. Qd2 e6 10. Nf3 O-O
11. Bh6 Bxh6 12. Qxh6 Qxa2 13. Ng5
1-0

[Event "2011 SC Site Championship, Pre Round, Round 2"]
[Site "SchemingMind.com"]
[Date "2010.11.11"]
[Round "2"]
[White "BigB"]
[Black "Jaschin"]
[Result "1-0"]
[WhiteCountry "SVK"]
[BlackCountry "GER"]
[WhiteElo "2423"]
[WhiteRD "94"]
[BlackElo "1580"]
[BlackRD "106"]
[GameID "266060"]

1. e4 e5 2. Nf3 Nc6 3. d4 exd4 4. Bc4 Nf6 5. e5 Ne4 6. c3 d5 7. Bb5 dxc3 8. O-O cxb2 9. Bxb2 Bc5 10. Nbd2 O-O
11. Qe2 Nxd2 12. Qxd2 Ne7 13. Rac1 b6 14. h4 a6 15. Ba4 Be6 16. h5 h6 17. Qf4 c6 18. Rfd1 Qc7 19. Rd2 Rfd8 20. Bc2 a5
21. Nh4 f6 22. Rd3 b5 23. Rg3 g5 24. Qxf6 Bf7 25. Qxh6
1-0

[Event "2011 SC Site Championship, Pre Round, Round 2"]
[Site "SchemingMind.com"]
[Date "2010.11.06"]
[Round "2"]
[White "BishopVesey"]
[Black "tom claxton"]
[Result "1-0"]
[WhiteCountry "ENG"]
[BlackCountry "ENG"]
[WhiteElo "2376"]
[WhiteRD "76"]
[BlackElo "1438"]
[BlackRD "59"]
[GameID "266061"]

1. e4 e6 2. d4 d6 3. c4 Nd7 4. Nc3 Ngf6 5. Nf3 c5 6. d5 e5 7. Be2 Nb6 8. O-O Bg4 9. a4 Qd7 10. a5 Nc8
11. h3 Bh5 12. Nxe5 Qe7 13. Qa4+ Kd8 14. Bxh5 g6 15. Nc6+ Kc7 16. Nb5+ Kd7 17. Nxe7 Kxe7 18. a6 b6 19. Nxd6 Nxd6 20. e5 Nxh5
21. Qc6 Rd8 22. Bg5+ f6 23. Qc7+ Rd7 24. exd6+ Ke8 25. Rfe1+ Be7 26. Rxe7+ Rxe7 27. Qxe7#
1-0

[Event "2011 SC Site Championship, Pre Round, Round 2"]
[Site "SchemingMind.com"]
[Date "2010.11.06"]
[Round "2"]
[White "Ingemar Assarsjö"]
[Black "Arthur Wilding"]
[Result "1-0"]
[WhiteCountry "SWE"]
[BlackCountry "WLS"]
[WhiteElo "1822"]
[WhiteRD "84"]
[BlackElo "1319"]
[BlackRD "71"]
[GameID "266063"]

1. e4 e5 2. Nf3 d6 3. d4 Nc6 4. Bb5 Bd7 5. Nc3 a6 6. Bxc6 bxc6 7. dxe5 Bg4 8. exd6 cxd6 9. h3 Bxf3 10. Qxf3 Nf6
11. Bg5 h6 12. Bh4 Qe7 13. Bxf6 gxf6 14. O-O Rc8 15. Rad1 Bg7 16. Qd3 Bf8 17. Qxa6 Qc7 18. Rd3 Be7 19. Rfd1 O-O 20. Qc4 Rcd8
21. Nb5 Qb8 22. Nd4 Rc8 23. Nxc6 Rc7 24. Nxe7+ Kh8 25. Nc6 Qxb2 26. Rxd6 Qa3 27. Rxf6 Kg7 28. Qd4 Kh7 29. Nb4 Qa8 30. Qe3 Qa5
31. Qxh6+ Kg8 32. Rd5 Rc5 33. Qg5+ Kh7 34. Rh6#
1-0

[Event "2011 SC Site Championship, Pre Round, Round 2"]
[Site "SchemingMind.com"]
[Date "2010.11.11"]
[Round "2"]
[White "C. H. O'D. Schlechter"]
[Black "Phillip Beckett"]
[Result "1-0"]
[WhiteCountry "USA"]
[BlackCountry "ENG"]
[WhiteElo "2422"]
[WhiteRD "87"]
[BlackElo "1623"]
[BlackRD "53"]
[GameID "266064"]

1. e4 c5 2. Nf3 d6 3. d4 cxd4 4. Nxd4 Nf6 5. Nc3 g6 6. Be3 Bg7 7. f3 O-O 8. Qd2 Nc6 9. O-O-O Bd7 10. Bc4 Qa5
11. Bb3 Rac8 12. h4 Ne5 13. Kb1 Nc4 14. Bxc4 Rxc4 15. Nb3 Qc7 16. g4 Qb8 17. h5 b5 18. e5 dxe5 19. hxg6 hxg6 20. Bh6 Rxc3
21. Bxg7 Rxc2 22. Rh8+ Kxg7 23. Qh6#
1-0

[Event "2011 SC Site Championship, Pre Round, Round 2"]
[Site "SchemingMind.com"]
[Date "2010.11.07"]
[Round "2"]
[White "CenturyBugs"]
[Black "Milan"]
[Result "1/2-1/2"]
[WhiteCountry "ENG"]
[BlackCountry "CZE"]
[WhiteElo "2157"]
[WhiteRD "86"]
[BlackElo "1871"]
[BlackRD "73"]
[GameID "266066"]

1. d4 d5 2. c4 c6 3. Nf3 Nf6 4. Nc3 a6 5. c5 Nbd7 6. Bf4 Nh5 7. Be3 Nhf6 8. g3 g6 9. Bg2 Bg7 10. O-O O-O
11. Bf4 Nh5 12. Bg5 Nhf6 13. Qd3 h6 14. Bf4 Nh5 15. Be3 Nhf6 16. h3 Qc7 17. Bf4 Qd8 18. g4 g5 19. Bg3 b5 20. a3 a5
21. b4 Bb7 22. e3 Re8 23. Rfe1 Ra6= 24. e4 dxe4 25. Nxe4 Nxe4 26. Qxe4 Nf6 27. Qd3 Qa8 28. bxa5 Rxa5 29. Bc7 Ra4 30. Bg3 b4
31. Ne5 bxa3 32. h4 gxh4 33. Bxh4 a2 34. Qc2 Rxd4 35. Rxa2 Qc8 36. Qc3 Red8 37. Qb3 Nd5 38. Nxf7 Kxf7 39. Rxe7+ Kf8 40. Rxb7 Qxg4
41. Bg3 Be5 42. Raa7 Qd1+ 43. Qxd1 Rxd1+ 44. Kh2 Bxg3+ 45. Kxg3 Rd3+ 46. Bf3 Re8 47. Rf7+ Kg8 48. Rg7+ Kh8 49. Rgf7 Kg8 50. Kh4 Rd4+
51. Kh3 Rd3 52. Rg7+ Kh8 53. Rh7+ Kg8 54. Rag7+ Kf8 55. Rb7=
1/2-1/2

[Event "2011 SC Site Championship, Pre Round, Round 2"]
[Site "SchemingMind.com"]
[Date "2010.11.10"]
[Round "2"]
[White "chesshub"]
[Black "Quaff"]
[Result "1-0"]
[WhiteCountry "FRA"]
[BlackCountry "ENG"]
[WhiteElo "2469"]
[WhiteRD "77"]
[BlackElo "1638"]
[BlackRD "92"]
[GameID "266068"]

1. e4 e5 2. Nf3 Nc6 3. Bb5 d6 4. d4 exd4 5. Qxd4 Bd7 6. Bxc6 Bxc6 7. Nc3 b6 8. O-O Qd7 9. Rd1 f6 10. a4 h5
11. Qc4 g5 12. Nd4 Bb7 13. a5 bxa5 14. Rxa5 Ne7 15. Ne6 c5 16. Nc7+ Qxc7 17. Nb5 Qxa5 18. Nxd6+
1-0

[Event "2011 SC Site Championship, Pre Round, Round 2"]
[Site "SchemingMind.com"]
[Date "2010.11.07"]
[Round "2"]
[White "Chezzdevil"]
[Black "Spottdrossel"]
[Result "1-0"]
[WhiteCountry "BEL"]
[BlackCountry "GER"]
[WhiteElo "2292"]
[WhiteRD "90"]
[BlackElo "1879"]
[BlackRD "71"]
[GameID "266069"]

1. d4 Nf6 2. c4 e6 3. Nc3 d5 4. cxd5 exd5 5. Bg5 Be6 6. Qb3 b6 7. e3 Be7 8. Bb5+ Nbd7 9. Bc6 Rb8 10. Bxf6 Bxf6
11. Nge2 O-O 12. Rc1 Bg5 13. Nxd5 Nf6 14. Nxf6+ Qxf6 15. d5 Bg4 16. Qc3 Qg6 17. Nd4 Bf6 18. Qd2 Bc8 19. Nb5 a6 20. Nd4 Rd8
21. O-O Bxd4 22. exd4 Bd7 23. Qf4 Bh3 24. Qf3 Bd7 25. Rfe1 Qd6 26. Re5 f6 27. Re4 Re8 28. Bxd7 Qxd7 29. Rxe8+ Rxe8 30. h3 Qd6
31. g3 Rd8 32. Qg4 Re8 33. Qf5 g6 34. Qf3 Qd7 35. g4 Kg7 36. Rc6 Rf8 37. Kg2 f5 38. g5 Re8= 39. d6 Re6 40. Rxc7
1-0

[Event "2011 SC Site Championship, Pre Round, Round 2"]
[Site "SchemingMind.com"]
[Date "2010.11.11"]
[Round "2"]
[White "cleverman"]
[Black "sdreichert"]
[Result "1-0"]
[WhiteCountry "USA"]
[BlackCountry "USA"]
[WhiteElo "1776"]
[WhiteRD "117"]
[BlackElo "1439"]
[BlackRD "102"]
[GameID "266070"]

1. e4 e5 2. Nf3 Nc6 3. Bc4 Bc5 4. O-O d6 5. c3 a6 6. d4 exd4 7. cxd4 Ba7 8. Nc3 Bg4 9. d5 Ne5 10. Be2 h6
11. Nxe5 Bxe2 12. Qxe2 Qe7 13. Nf3 O-O-O 14. Be3 Kb8 15. Bxa7+ Kxa7 16. b4 b5 17. a4
1-0

[Event "2011 SC Site Championship, Pre Round, Round 2"]
[Site "SchemingMind.com"]
[Date "2010.11.07"]
[Round "2"]
[White "Danzino"]
[Black "echecs"]
[Result "1-0"]
[WhiteCountry "GBR"]
[BlackCountry "ENG"]
[WhiteElo "2051"]
[WhiteRD "103"]
[BlackElo "1808"]
[BlackRD "63"]
[GameID "266072"]

1. c4 c5 2. g3 g6 3. Bg2 Bg7 4. Nc3 Nc6 5. a3 Nf6 6. Rb1 O-O 7. b4 cxb4 8. axb4 a6 9. e3 Rb8 10. d4 Na7
11. b5 axb5 12. Nxb5 Nxb5 13. Rxb5 d6 14. Ne2 Ne8 15. O-O Nc7 16. Rb6 d5 17. cxd5 Nxd5 18. Rb1 Bg4 19. Bb2 b5 20. Qd2 b4
21. Ba1 Bxe2 22. Qxe2 Nc7 23. Qc4 Qd6 24. Rfc1 Rfc8 25. Qc6 Qxc6 26. Rxc6 e6 27. Rbc1 Bf6 28. Rxc7 Rxc7 29. Rxc7 b3 30. Rb7 Rxb7
31. Bxb7 Be7 32. Bb2 f6 33. Ba6
1-0

[Event "2011 SC Site Championship, Pre Round, Round 2"]
[Site "SchemingMind.com"]
[Date "2010.11.07"]
[Round "2"]
[White "DeepGreene"]
[Black "startstek"]
[Result "0-1"]
[WhiteCountry "CAN"]
[BlackCountry "ALG"]
[WhiteElo "1490"]
[WhiteRD "126"]
[BlackElo "1981"]
[BlackRD "95"]
[GameID "266074"]

1. d4 Nf6 2. c4 g6 3. Nc3 Bg7 4. Nf3 O-O 5. e4 d6 6. h3 e5 7. d5 a5 8. Bg5 Na6 9. Be2 h6 10. Bh4 g5
11. Bg3 Nh5
0-1

[Event "2011 SC Site Championship, Pre Round, Round 2"]
[Site "SchemingMind.com"]
[Date "2010.11.07"]
[Round "2"]
[White "Dreadtower"]
[Black "loco61"]
[Result "1/2-1/2"]
[WhiteCountry "ENG"]
[BlackCountry "ENG"]
[WhiteElo "1806"]
[WhiteRD "109"]
[BlackElo "1562"]
[BlackRD "66"]
[GameID "266076"]

1. e4 c5 2. Nf3 Nc6 3. Bb5 d6 4. O-O Bd7 5. Re1 e5 6. h3 a6 7. Bf1 Nf6 8. d3 h6 9. c3 Be7 10. d4 cxd4
11. cxd4 exd4 12. Nxd4 Nxd4 13. Qxd4 O-O 14. Bf4 Be6 15. Nc3 Rc8 16. Rad1 d5 17. exd5 Bc5 18. Qd2 Bf5 19. Be3 Qd6 20. Bf4 Qb6
21. Na4 Qa7 22. Nxc5 Qxc5 23. Be2 Be4 24. Bg4 Rcd8 25. d6 Bc6 26. d7 Nxg4 27. hxg4 Rxd7 28. Bd6 Rfd8 29. Re8+ Rxe8 30. Bxc5 Rxd2
31. Rxd2 Re4 32. f3 Re5 33. b4 h5 34. gxh5 Rxh5=
1/2-1/2

[Event "2011 SC Site Championship, Pre Round, Round 2"]
[Site "SchemingMind.com"]
[Date "2010.11.08"]
[Round "2"]
[White "echecs"]
[Black "reptile"]
[Result "0-1"]
[WhiteCountry "ENG"]
[BlackCountry "ISR"]
[WhiteElo "1808"]
[WhiteRD "63"]
[BlackElo "2040"]
[BlackRD "79"]
[GameID "266077"]

1. e4 c5 2. c3 Nf6 3. e5 Nd5 4. d4 cxd4 5. cxd4 d6 6. Nf3 Nc6 7. Be2 e6 8. O-O Be7 9. Nc3 O-O 10. a3 Nxc3
11. bxc3 dxe5 12. dxe5 b6 13. Qa4 Bb7 14. Qg4 Re8 15. Bh6 Bf8 16. Rfd1 Qc7 17. Bf4 Ne7 18. Ng5 h6 19. Nf3 Ng6 20. Bg3 Rad8
21. Rxd8 Rxd8 22. c4 Bc5 23. h4 Bxf3 24. Qxf3 Nxe5 25. Qh5 Bd6 26. Rd1 Ng6 27. Qg4 Bxg3 28. Rxd8+ Qxd8 29. fxg3 Qd6 30. a4 Qc6
31. Bd1 Ne5 32. Qd4 Nxc4 33. Bc2 Qc5 34. Qxc5 bxc5 35. Kf2 a5 36. Ke2 Kf8 37. Kd3 Nd6 38. g4 g5 39. g3 Kg7 40. Ke3 Kf6
41. Kf3 Ke5 42. Bh7 Kd4 43. Ke2 c4 44. Kd2 e5 45. Bb1 Ne4+
0-1

[Event "2011 SC Site Championship, Pre Round, Round 2"]
[Site "SchemingMind.com"]
[Date "2010.11.10"]
[Round "2"]
[White "Phillip Beckett"]
[Black "roscoe"]
[Result "1-0"]
[WhiteCountry "ENG"]
[BlackCountry "USA"]
[WhiteElo "1629"]
[WhiteRD "53"]
[BlackElo "1437"]
[BlackRD "91"]
[GameID "266078"]

1. e4 e5 2. Nf3 d6 3. d4 Bg4 4. dxe5 h6 5. exd6 Bxd6 6. Be2 Bxf3 7. Bxf3 Nd7 8. O-O Ne5 9. Nc3 Nf6 10. Qe2 O-O
11. Be3 a6 12. Rad1 b5 13. a3 Qe7 14. Nd5 Nxd5 15. Rxd5 Nxf3+ 16. Qxf3 f6 17. Bd2 c5 18. Qd3 Rfd8 19. Qb3 c4 20. Qf3 Rab8
21. Bc3 Be5 22. Bxe5 Rb6 23. Bc3 Rd7 24. Rfd1 Rxd5 25. exd5
1-0

[Event "2011 SC Site Championship, Pre Round, Round 2"]
[Site "SchemingMind.com"]
[Date "2010.11.07"]
[Round "2"]
[White "Fiesty 50"]
[Black "Tanis"]
[Result "1-0"]
[WhiteCountry "ENG"]
[BlackCountry "CHN"]
[WhiteElo "2200"]
[WhiteRD "103"]
[BlackElo "2042"]
[BlackRD "81"]
[GameID "266079"]

1. e4 e6 2. d4 d5 3. Nc3 Bb4 4. e5 c5 5. a3 Bxc3+ 6. bxc3 Ne7 7. Qg4 O-O 8. Bd3 f5 9. exf6 Rxf6 10. Bg5 Rf7
11. Qh5 g6 12. Qd1 Qa5 13. Bd2 Nbc6 14. Nf3 Bd7 15. h4 Raf8 16. h5 c4 17. Be2 Rf5 18. hxg6 Nxg6 19. O-O Kh8 20. Qe1 b5
21. Bh6 Rg8 22. g3 a6 23. Qd2= e5 24. dxe5 Ngxe5 25. Nh4 Rf6 26. Bg5 Rd6 27. Qf4 Qxc3 28. Bf6+ Rxf6 29. Qxf6+ Rg7 30. Bh5 Qxc2
31. Rae1 Qc3 32. Re3 Qd4 33. Rfe1
1-0